Library Banner

Angrazi ehad men Hindustan ke tamaddan ki tareekh (Urdu)(انگریای عہد میں ہندوسان کے تمدن کی تعریف) (Record no. 3830)

MARC details
000 -LEADER
fixed length control field 00647nam a2200169Ia 4500
001 - CONTROL NUMBER
control field 3584
003 - CONTROL NUMBER IDENTIFIER
control field OSt
005 - DATE AND TIME OF LATEST TRANSACTION
control field 20150622112717.0
008 - FIXED-LENGTH DATA ELEMENTS--GENERAL INFORMATION
fixed length control field 140317s9999 xx 000 0 und d
040 ## - CATALOGING SOURCE
Transcribing agency PK-LaUMT
082 ## - DEWEY DECIMAL CLASSIFICATION NUMBER
Classification number 954.03
Item number ABD-A
100 ## - MAIN ENTRY--PERSONAL NAME
Personal name Abdullah Yusuf Ali(عبداللہ یوسف علی)
245 ## - TITLE STATEMENT
Title Angrazi ehad men Hindustan ke tamaddan ki tareekh (Urdu)(انگریای عہد میں ہندوسان کے تمدن کی تعریف)
Statement of responsibility, etc Abdullah Yusuf Ali(عبداللہ یوسف علی)
260 ## - PUBLICATION, DISTRIBUTION, ETC. (IMPRINT)
Place of publication, distribution, etc Lahore,Pakistan:(لاہور، پاکستان)
Name of publisher, distributor, etc Dost Associates,(دوست ایسوسیٹ)
Date of publication, distribution, etc 1994
546 ## - LANGUAGE NOTE
Language note URDU
942 ## - ADDED ENTRY ELEMENTS (KOHA)
Koha item type Books
Source of classification or shelving scheme Dewey Decimal Classification
Holdings
Withdrawn status Lost status Damaged status Not for loan Home library Current library Date acquired Total Checkouts Full call number Barcode Date last seen Price effective from Koha item type
        UMT Main Campus UMT Main Campus 2014-03-17   954.03 ABD-A 599 2015-06-22 2014-03-17 Books